00000000nam##2200000za#4500
0019.536778
003CaOODSP
00520210615084429
007ta
008150406|2002||||xxc|||||     f|0| 0 eng|d
020 |a0-660-62096-0
040 |aCaOODSP|beng
041 |aeng
041 |afre
043 |an-cn---
0861 |aBT31-4/17-2002
1101 |aCanada. |bTreasury Board.
24510|aCanadian Nuclear Safety Commission
260 |aOttawa - Ontario : |bTreasury Board of Canada Secretariat |c2002.
300 |a27p. : |borganization charts, tables ; |c28 cm.
4901 |aPerformance report for the period ending March 31, 2002
563 |aSoftcover
590 |a02-46|b2002-11-15
69007|aEstimates|2gcpds
69007|aFederal institutions|2gcpds
69007|aNuclear energy|2gcpds
69007|aSecurity|2gcpds
7760#|tCanadian Nuclear Safety Commission, performance report for the period ending March 31, 2002 |w(CaOODSP)9.572943
7760#|tCommission canadienne de sûreté nucléaire, rapport sur le rendement pour la période se terminant le 31 mars 2002 |w(CaOODSP)9.603188
792 |tCommission canadienne de la sûreté nucléaire |efre|w(CaOODSP)9.536779
830#0|aPerformance report for the period ending March 31, 2002.|w(CaOODSP)9.510738